000 00243nam a2200097Ia 4500
001 1208951
005 20250827022856.0
008 250824s9999 xx 000 0 und d
245 0 _aHER GECE BODRUM
_cSELİM İLERİ
260 _bEVEREST YAYINLARI
999 _c1208951
_d1208951